000 00298nam a2200133Ia 4500
005 20251222143247.0
008 251222s9999||||xx |||||||||||||| ||spa||
020 _a3-8228-3091-7
082 _a791.437.2/E98
100 _aEyman, Scott
245 0 _aJohn Ford:
264 _bTaschen
942 _cLIB
999 _c14823
_d14823